Представление документа в формате RUSMARC

Поле Инд. ПП Название Значение
Тип записи a
Библиографический уровень a
001 Контрольный номер e233b90029a4457680a80500901fc0cd
005 Дата корректировки 20200407131657.5
100 a Данные общей обработки 20181030 ||| 0rusy0189 ca
101 0_ a Язык текста rus
102 a Страна публикации RU
200 1_ f Первые сведения об ответственности Н.Г. Иванов
a Заглавие Множественность преступлений и административная преюдиция в современном УК РФ
b Общее обозначение материала Электронный ресурс
210 d Дата издания 2017
461 _0 1 2000
a Государство и право
463 _0 1 2000
a № 11
v С. 72-80
1 2101
d 2017
1 0015db7c6da17eb4a25a01b2399c545fcc8
606 a Основная рубрика Право. Юридические науки
x Основная подрубрика Уголовное право
610 0_ a Ключевые слова ПРЕСТУПЛЕНИЕ МНОЖЕСТВЕННОСТЬ
a Ключевые слова АДМИНИСТРАТИВНАЯ ОТВЕТСТВЕННОСТЬ
a Ключевые слова ПРЕЮДИЦИЯ
700 _1 a Фамилия Иванов
b Имя Н.Г.
801 _0 a Страна RU
b Организация РГУП
c Дата составления 20181030
g Правила каталогизации PSBO
801 _1 a Страна RU
b Организация РГУП
c Дата составления 20181030
g Правила каталогизации PSBO
901 t Тип документа b
w Контрольный № источника 5db7c6da17eb4a25a01b2399c545fcc8
905 a Дата ввода 20181030